[Event "Russian Championship B15 1st league 2016"]
[Site "Loo"]
[Date "2016.04.28"]
[Round "9.21"]
[White "Rovnov, Vladislav"]
[Black "Fomichev, Ilya"]
[Result "1/2-1/2"]
[WhiteElo "1993"]
[BlackElo "1723"]
[PlyCount "206"]
[EventDate "2016.04.20"]

1. e4 e5 2. Nf3 Nc6 3. d4 exd4 4. Nxd4 Bc5 5. Nb3 Bb6 6. Nc3 Nge7 7. Qe2 d6 8.
Bg5 Be6 9. O-O-O Qd7 10. Nd5 O-O-O 11. Nxe7+ Nxe7 12. e5 d5 13. Be3 Nf5 14.
Bxb6 axb6 15. g4 Ne7 16. h3 Ng6 17. c3 Qe7 18. Qe3 f6 19. f4 Bf7 20. e6 d4 21.
Rxd4 Qxe6 22. Qxe6+ Bxe6 23. Rxd8+ Rxd8 24. f5 Bd5 25. Rh2 Ne5 26. Be2 Nd3+ 27.
Bxd3 Bxb3 28. Bc2 Bxc2 29. Kxc2 Re8 30. Kd3 c6 31. a4 Kd7 32. Rg2 h6 33. b4 Re5
34. Ra2 Kd6 35. a5 bxa5 36. bxa5 Kc7 37. a6 bxa6 38. Rxa6 Kb7 39. Ra4 Kb6 40.
Ra8 Re7 41. Kd4 Kb7 42. Rg8 Kb6 43. c4 Rd7+ 44. Kc3 Kc5 45. Ra8 Re7 46. Ra5+
Kb6 47. Ra8 Kc5 48. Ra5+ Kb6 49. Ra8 Kc5 50. Kd3 Rd7+ 51. Kc3 Re7 52. Ra5+ Kb6
53. Kb4 Re3 54. Ra8 Re7 55. Rb8+ Kc7 56. Rg8 Kb6 57. Rb8+ Kc7 58. Ra8 Kb7 59.
Ra3 Kb6 60. c5+ Kb7 61. Rd3 Kc7 62. Ka5 Re5 63. Rc3 Re2 64. Rb3 Re8 65. Rd3 Re5
66. Kb4 Re4+ 67. Kb3 Re5 68. Rc3 Re4 69. Kc2 Re2+ 70. Kd3 Re5 71. Kd4 Re7 72.
Ra3 Kb7 73. h4 Re5 74. Rf3 Rd5+ 75. Kc4 Re5 76. Rf4 Kc7 77. Rd4 Re1 78. Kb3 Re5
79. Kb4 Re1 80. Kb3 Re5 81. Rc4 Re3+ 82. Kc2 Rh3 83. Ra4 Rh2+ 84. Kd3 Rh3+ 85.
Ke2 Rb3 86. Re4 Kd7 87. Ra4 Kc7 88. Ra7+ Rb7 89. Ra8 Rb8 90. Ra7+ Rb7 91. Ra8
Rb8 92. Ra5 Rb5 93. Rxb5 cxb5 94. Kd3 Kc6 95. Kd4 b4 96. Kc4 b3 97. Kxb3 Kxc5
98. Kc3 Kd5 99. Kd3 Ke5 100. Ke3 h5 101. Kf3 hxg4+ 102. Kxg4 Ke4 103. Kh5 Kxf5
1/2-1/2

[Event "Russian Championship B15 1st league 2016"]
[Site "Loo"]
[Date "2016.04.28"]
[Round "9.22"]
[White "Rogotskiy, Yuriy"]
[Black "Rudikov, Dmitry"]
[Result "1-0"]
[WhiteElo "1967"]
[BlackElo "1678"]
[PlyCount "137"]
[EventDate "2016.04.20"]

1. d4 d5 2. Nf3 e6 3. c4 c6 4. e3 Nf6 5. Nc3 Nbd7 6. Bd3 dxc4 7. Bxc4 b5 8. Bd3
Bd6 9. O-O O-O 10. Qc2 Bb7 11. Bd2 a6 12. Ne4 Nxe4 13. Bxe4 Nf6 14. Rac1 Qe7
15. Bd3 Rac8 16. e4 e5 17. dxe5 Bxe5 18. Nxe5 Qxe5 19. Bc3 Qf4 20. Bxf6 Qxf6
21. e5 Qh6 22. Bf5 Rcd8 23. Rcd1 Qh5 24. Be4 g6 25. f4 Qg4 26. f5 Qg5 27. fxg6
hxg6 28. e6 fxe6 29. Rxd8 Rxd8 30. Qf2 Qe7 31. Bxg6 c5 32. Bf7+ Kh7 33. Qc2+
Kh8 34. Qc3+ Rd4 35. Qh3+ Qh4 36. Qxe6 Rg4 37. Qe5+ Rg7 38. Bd5 Bxd5 39. Qxd5
Qd4+ 40. Qxd4 cxd4 41. Rd1 Rc7 42. Rd2 Kg7 43. Kf2 Kf6 44. Rxd4 Rc2+ 45. Kf3
Ke5 46. Re4+ Kf5 47. Re2 Rc4 48. g4+ Kg5 49. Re5+ Kf6 50. Re4 Rc2 51. Re2 Rc1
52. h4 Rf1+ 53. Rf2 Rc1 54. b3 a5 55. Ke4+ Kg7 56. Kf5 a4 57. bxa4 bxa4 58. Rf4
Rc5+ 59. Ke6 a3 60. Ra4 Rc3 61. Kf5 Rc5+ 62. Kf4 Rc3 63. g5 Rh3 64. Kg4 Rc3 65.
Kh5 Kh7 66. Ra7+ Kg8 67. g6 Rh3 68. Kg5 Rg3+ 69. Kh6 1-0

[Event "Russian Championship B15 1st league 2016"]
[Site "Loo"]
[Date "2016.04.28"]
[Round "9.23"]
[White "Galkin, Vladislav"]
[Black "Dolgikh, Evgeniy"]
[Result "0-1"]
[WhiteElo "1659"]
[BlackElo "1938"]
[PlyCount "64"]
[EventDate "2016.04.20"]

1. e4 c5 2. Nf3 Nf6 3. Nc3 d5 4. exd5 Nxd5 5. Bb5+ Bd7 6. Bxd7+ Qxd7 7. O-O Nc6
8. Nxd5 Qxd5 9. d3 f6 10. Nh4 O-O-O 11. Nf3 e5 12. Nd2 f5 13. a3 g5 14. Nc4 h6
15. b4 e4 16. Bb2 Rg8 17. Ne3 Qe6 18. b5 Nd4 19. a4 Bg7 20. c3 Nb3 21. Ra3 Na5
22. d4 f4 23. Qg4 Qxg4 24. Nxg4 Nc4 25. Ra2 h5 26. Ne5 Bxe5 27. dxe5 Rd2 28.
Rb1 Rgd8 29. Kf1 Rd1+ 30. Rxd1 Rxd1+ 31. Ke2 Rb1 32. Ra1 Rxb2+ 0-1

[Event "Russian Championship B15 1st league 2016"]
[Site "Loo"]
[Date "2016.04.28"]
[Round "9.24"]
[White "Volkov, Andrey"]
[Black "Volkov, Grigoriy"]
[Result "0-1"]
[WhiteElo "1935"]
[BlackElo "1667"]
[PlyCount "74"]
[EventDate "2016.04.20"]

1. e4 e5 2. Nf3 Nc6 3. Bc4 Bc5 4. c3 Nf6 5. d3 d6 6. O-O O-O 7. Nbd2 Be6 8.
Bxe6 fxe6 9. Qb3 Qc8 10. Re1 a5 11. Nf1 a4 12. Qd1 Qd7 13. d4 Bb6 14. dxe5 Ng4
15. Be3 Bxe3 16. Nxe3 Ngxe5 17. Nxe5 Nxe5 18. Rf1 Rf4 19. f3 Raf8 20. Qe2 Qe7
21. Nc4 Qg5 22. Nxe5 Qxe5 23. g3 Qg5 24. Kh1 R4f6 25. f4 Qg6 26. Rad1 h5 27.
Rg1 h4 28. e5 dxe5 29. Qxe5 Qh6 30. Kg2 hxg3 31. hxg3 Qg6 32. Rgf1 Qc2+ 33. Kf3
Qxb2 34. Qxc7 Qxa2 35. Rd7 R6f7 36. Rfd1 Qb3 37. Rxf7 Qxd1+ 0-1

[Event "Russian Championship B15 1st league 2016"]
[Site "Loo"]
[Date "2016.04.28"]
[Round "9.25"]
[White "Arbuzov, Mikhail"]
[Black "Prishibilovich, Matvei"]
[Result "1-0"]
[WhiteElo "1925"]
[BlackElo "1629"]
[PlyCount "119"]
[EventDate "2016.04.20"]

1. d4 d5 2. c4 dxc4 3. e3 Be6 4. Nc3 Nf6 5. Nf3 h6 6. Ne5 c5 7. Qa4+ Bd7 8.
Bxc4 e6 9. Nxd7 Nbxd7 10. d5 exd5 11. Nxd5 Bd6 12. Nxf6+ Qxf6 13. Bd5 Be5 14.
Bxb7 Bxb2 15. Bxb2 Qxb2 16. Qe4+ Kf8 17. O-O Rb8 18. Bc6 Nf6 19. Qf5 Qb6 20.
Rab1 Qc7 21. Qxc5+ Kg8 22. Rfc1 g6 23. Rxb8+ Qxb8 24. Qc3 Kg7 25. e4 Rc8 26. h3
Qb6 27. a4 a5 28. Rc2 Rc7 29. Kh2 g5 30. f3 Qb8 31. g3 Qb6 32. Kg2 Kg6 33. e5
Ne8 34. Qd3+ Kg7 35. Bxe8 Re7 36. Bb5 Rxe5 37. Qc3 Qf6 38. Qb2 Kh7 39. Rc5 Re6
40. Qxf6 Rxf6 41. Rc6 Kg7 42. Kf2 Rxc6 43. Bxc6 Kf6 44. Bd5 Ke7 45. Ke3 f5 46.
Kd4 Kd6 47. f4 gxf4 48. gxf4 Ke7 49. Ke5 h5 50. Kxf5 h4 51. Ke5 Kf8 52. f5 Ke7
53. f6+ Kf8 54. Ke6 Ke8 55. f7+ Kf8 56. Be4 Kg7 57. Ke7 Kh6 58. f8=Q+ Kg5 59.
Qf5+ Kh6 60. Qg6# 1-0

[Event "Russian Championship B15 1st league 2016"]
[Site "Loo"]
[Date "2016.04.28"]
[Round "9.26"]
[White "Safin, Danis"]
[Black "Lipilin, Ilia"]
[Result "0-1"]
[WhiteElo "1627"]
[BlackElo "1827"]
[PlyCount "50"]
[EventDate "2016.04.20"]

1. d4 f5 2. h3 d6 3. c4 Nf6 4. Nf3 g6 5. Nc3 Bg7 6. Bf4 c6 7. e3 O-O 8. Be2 Kh8
9. O-O Be6 10. Qc2 Bg8 11. Rab1 Nbd7 12. b4 Re8 13. Rfd1 Qc8 14. Bh2 e5 15. c5
exd4 16. exd4 dxc5 17. dxc5 Nd5 18. Nxd5 Bxd5 19. Ng5 Nf6 20. Bc4 Ne4 21. Nxe4
Bxe4 22. Bd3 Bxd3 23. Rxd3 Qe6 24. Rbd1 Qe1+ 25. Rxe1 Rxe1# 0-1

[Event "Russian Championship B15 1st league 2016"]
[Site "Loo"]
[Date "2016.04.28"]
[Round "9.27"]
[White "Yangutov, Aleksey"]
[Black "Safin, Timur"]
[Result "1-0"]
[WhiteElo "1723"]
[BlackElo "1802"]
[PlyCount "69"]
[EventDate "2016.04.20"]

1. d4 Nf6 2. c4 c5 3. d5 b5 4. cxb5 a6 5. Nc3 g6 6. e4 d6 7. a4 Bg7 8. Nf3 O-O
9. Bd3 Bd7 10. Qe2 Ne8 11. O-O e5 12. dxe6 Bxe6 13. Bg5 f6 14. Bf4 Nd7 15. Rfd1
Ne5 16. Nxe5 dxe5 17. Bc4 Qe7 18. Be3 Nc7 19. b6 Bxc4 20. Qxc4+ Ne6 21. Nd5 Qf7
22. Bxc5 Rac8 23. b4 Rfe8 24. Qxa6 Nxc5 25. bxc5 Rxc5 26. Nc7 Rf8 27. Rac1 Qb3
28. Re1 Qb4 29. Rxc5 Qxe1+ 30. Qf1 Qxe4 31. Qc4+ Qxc4 32. Rxc4 Rb8 33. a5 Bh6
34. g3 Bd2 35. a6 1-0

[Event "Russian Championship B15 1st league 2016"]
[Site "Loo"]
[Date "2016.04.28"]
[Round "9.28"]
[White "Zharikov, Dmitry"]
[Black "Smirnov, Roman"]
[Result "0-1"]
[WhiteElo "1644"]
[BlackElo "1792"]
[PlyCount "116"]
[EventDate "2016.04.20"]

1. c4 e5 2. Nc3 Nc6 3. g3 Nf6 4. Bg2 Bc5 5. e3 O-O 6. Nge2 d6 7. O-O Bf5 8. d4
Bb6 9. Nd5 Rb8 10. a3 Nxd5 11. cxd5 Ne7 12. Bd2 exd4 13. exd4 Qd7 14. Re1 Bg4
15. Bg5 Rfe8 16. Qd2 h6 17. Bxe7 Rxe7 18. Nc3 Rbe8 19. Rxe7 Qxe7 20. Kf1 Qf6
21. h3 Bf3 22. Bxf3 Qxf3 23. Kg1 Qf5 24. Kg2 h5 25. h4 f6 26. Rd1 g5 27. Rh1
Qg4 28. hxg5 Bxd4 29. Rh4 Bxc3 30. bxc3 Qxg5 31. Qxg5+ fxg5 32. Rxh5 Re5 33. c4
b5 34. cxb5 Rxd5 35. a4 Kg7 36. Kh3 Rf5 37. Kg2 Re5 38. Kh3 Kg6 39. Rh8 Re4 40.
Rb8 Rxa4 41. Rb7 Rc4 42. Rxa7 g4+ 43. Kg2 d5 44. Ra3 Kf5 45. Kf1 Ke4 46. Ke2
Rc2+ 47. Ke1 d4 48. Ra8 Kd3 49. Ra1 Kc3 50. Ra3+ Kb4 51. Rd3 Kc4 52. Rd1 d3 53.
f4 gxf3 54. g4 Rh2 55. Rc1+ Kxb5 56. Rxc7 d2+ 57. Kd1 f2 58. Rf7 Rh1+ 0-1

[Event "Russian Championship B15 1st league 2016"]
[Site "Loo"]
[Date "2016.04.28"]
[Round "9.29"]
[White "Prokofiev, Matvey"]
[Black "Pynko, Alexander"]
[Result "1-0"]
[WhiteElo "1875"]
[BlackElo "1615"]
[PlyCount "69"]
[EventDate "2016.04.20"]

1. d4 Nf6 2. Nf3 g6 3. g3 Bg7 4. Bg2 O-O 5. O-O d6 6. c4 Nbd7 7. Nc3 c5 8. d5
Nb6 9. Nd2 Nfd7 10. e4 Ne5 11. Qe2 Bd7 12. a4 a5 13. h3 f5 14. f4 Nf7 15. Nb5
Re8 16. e5 dxe5 17. Nb3 Bxb5 18. axb5 Nd7 19. Be3 b6 20. fxe5 Bxe5 21. g4 fxg4
22. hxg4 Rb8 23. Qc2 Nd6 24. Nd2 Nf6 25. Bh3 Kg7 26. Nf3 Bg3 27. Ng5 Kg8 28.
Qg2 Be5 29. Ne6 Qd7 30. g5 Nxc4 31. gxf6 Nxe3 32. f7+ Kh8 33. fxe8=Q+ Qxe8 34.
Qe4 Nxf1 35. Qxe5+ 1-0

[Event "Russian Championship B15 1st league 2016"]
[Site "Loo"]
[Date "2016.04.28"]
[Round "9.30"]
[White "Ardasenov, Soslan"]
[Black "Hein, Vladimir"]
[Result "0-1"]
[WhiteElo "1690"]
[BlackElo "1866"]
[PlyCount "104"]
[EventDate "2016.04.20"]

1. Nf3 Nf6 2. c4 g6 3. Nc3 Bg7 4. e4 d6 5. d4 O-O 6. Be2 Nc6 7. O-O e5 8. d5
Ne7 9. Bg5 h6 10. Be3 Nd7 11. Nd2 f5 12. f3 f4 13. Bf2 a5 14. a3 b6 15. b4 g5
16. Na4 axb4 17. axb4 Ng6 18. c5 bxc5 19. bxc5 Ba6 20. Nb2 Bxe2 21. Qxe2 Qe7
22. cxd6 cxd6 23. Nbc4 Rfc8 24. Rfb1 Bf8 25. Na5 Qd8 26. Nc6 Qc7 27. Qb5 Ne7
28. Rxa8 Rxa8 29. Qb7 Rc8 30. Qxc7 Rxc7 31. Rc1 Nxc6 32. Rxc6 Rb7 33. Kf1 Nb8
34. Rc8 Kf7 35. Ke2 Nd7 36. Nc4 Nf6 37. Rc6 Ne8 38. Be1 Be7 39. Bc3 Rc7 40.
Rxc7 Nxc7 41. Bb4 Ne8 42. Kd3 Bf8 43. Kc3 Ke7 44. Nxe5 Bg7 45. Kc4 Bxe5 46. Bc3
Bxc3 47. Kxc3 Nf6 48. Kd4 Nd7 49. h3 Kf6 50. Kc4 Ke5 51. Kb5 Nc5 52. Kc4 h5 0-1

[Event "Russian Championship B15 1st league 2016"]
[Site "Loo"]
[Date "2016.04.28"]
[Round "9.31"]
[White "Tikhonov, Viacheslav"]
[Black "Babunov, Alexander"]
[Result "1/2-1/2"]
[WhiteElo "1611"]
[BlackElo "1780"]
[PlyCount "152"]
[EventDate "2016.04.20"]

1. d4 g6 2. c4 Bg7 3. Nc3 d6 4. e4 Nc6 5. Nf3 e5 6. d5 Nce7 7. Be2 f5 8. O-O f4
9. g3 fxg3 10. fxg3 Nf6 11. Be3 O-O 12. Nd2 Bh3 13. Re1 Qd7 14. Bf3 Bg4 15. Rf1
Bxf3 16. Nxf3 h6 17. Qd2 Kh7 18. Ne1 Ng4 19. Nd3 Bf6 20. Kg2 Ng8 21. Bg1 Bg5
22. Qe2 h5 23. h3 N4f6 24. Be3 Bxe3 25. Qxe3 Rf7 26. Ne1 Kg7 27. Nf3 Nh7 28.
Rf2 Raf8 29. Raf1 Nh6 30. Ne2 a6 31. Nc1 Qc8 32. Nd3 b6 33. Nb4 Rf6 34. Nc6 Qd7
35. b4 Qf7 36. Nd2 Rxf2+ 37. Qxf2 Qxf2+ 38. Rxf2 Rxf2+ 39. Kxf2 Nf6 40. a4 Nd7
41. Nf3 Nf7 42. Ke3 Kf8 43. h4 Ke8 44. Kf2 Nf6 45. Nd2 Nh6 46. Nb8 a5 47. bxa5
bxa5 48. Nc6 Nd7 49. Nb3 Nb6 50. c5 Nxa4 51. cxd6 cxd6 52. Nbxa5 Nc5 53. Kf3
Ng4 54. Nc4 Nb7 55. Na7 Nf6 56. Nb5 Kd7 57. Ne3 Nc5 58. Nc3 Ke7 59. g4 Kd7 60.
gxh5 gxh5 61. Nf5 Nb7 62. Ne2 Ke8 63. Neg3 Kf7 64. Ke3 Kg6 65. Ne7+ Kf7 66. Nc8
Ke8 67. Nb6 Nc5 68. Nc4 Nb7 69. Nd2 Nc5 70. Ke2 Kd7 71. Kd1 Kc7 72. Kc2 Kd7 73.
Kc3 Kc7 74. Kb4 Kb8 75. Kb5 Kb7 76. Ka5 Ka7 1/2-1/2

[Event "Russian Championship B15 1st league 2016"]
[Site "Loo"]
[Date "2016.04.28"]
[Round "9.32"]
[White "Mamoshin, Oleg"]
[Black "Matchenya, Ivan"]
[Result "1/2-1/2"]
[WhiteElo "1655"]
[BlackElo "1770"]
[PlyCount "84"]
[EventDate "2016.04.20"]

1. e4 c6 2. d4 d5 3. Nc3 dxe4 4. Nxe4 Bf5 5. Ng3 Bg6 6. h4 h6 7. Nf3 Nf6 8. h5
Bh7 9. Bd3 Bxd3 10. Qxd3 e6 11. Bd2 Be7 12. Ne5 O-O 13. O-O-O Nbd7 14. Qe2 Rc8
15. Ne4 Nxe4 16. Qxe4 Nf6 17. Qd3 c5 18. Bc3 Qd5 19. Kb1 c4 20. Qe3 b5 21. g4
b4 22. Bd2 c3 23. Bc1 Nd7 24. b3 a5 25. Qf3 Qb5 26. Qd3 Qb7 27. Qf3 Qc7 28.
Nxd7 Qxd7 29. d5 Qb7 30. Rd3 Rcd8 31. dxe6 Qxf3 32. Rxf3 fxe6 33. Rxf8+ Kxf8
34. Be3 e5 35. Kc1 Kf7 36. Rd1 Ra8 37. Rd5 Ke6 38. Rb5 a4 39. Kd1 axb3 40. axb3
Ra1+ 41. Ke2 Ra2 42. Kd1 Ra1+ 1/2-1/2

[Event "Russian Championship B15 1st league 2016"]
[Site "Loo"]
[Date "2016.04.28"]
[Round "9.33"]
[White "Foshenko, Kirill"]
[Black "Morgachev, Sergey"]
[Result "0-1"]
[WhiteElo "1620"]
[BlackElo "1721"]
[PlyCount "94"]
[EventDate "2016.04.20"]

1. Nf3 Nf6 2. g3 b6 3. Bg2 Bb7 4. O-O e6 5. d4 c5 6. c4 cxd4 7. Nxd4 Bxg2 8.
Kxg2 d6 9. Nc3 a6 10. Bg5 Be7 11. Qa4+ Qd7 12. Rfd1 h6 13. Bxf6 Bxf6 14. Ndb5
Qc6+ 15. Kg1 axb5 16. cxb5 Qb7 17. Qg4 d5 18. e3 Nd7 19. Qe2 O-O 20. Qd2 Ne5
21. Qe2 d4 22. exd4 Nf3+ 23. Kf1 Nxh2+ 24. Kg1 Nf3+ 25. Kf1 Nxd4 26. Qe4 Qxe4
27. Nxe4 Nxb5 28. Nxf6+ gxf6 29. a4 Nc7 30. b4 Nd5 31. a5 bxa5 32. bxa5 Rfb8
33. Kg2 Rb5 34. Rh1 Kg7 35. a6 Rb6 36. a7 Rb7 37. Rh4 Rbxa7 38. Rah1 Rh8 39.
Rg4+ Kh7 40. Rgh4 Kg6 41. Rg4+ Kf5 42. Rgh4 Ra2 43. Kf3 e5 44. Rxh6 Rxh6 45.
Rxh6 e4+ 46. Kg2 e3 47. Rh5+ Ke6 0-1

[Event "Russian Championship B15 1st league 2016"]
[Site "Loo"]
[Date "2016.04.28"]
[Round "9.34"]
[White "Kumakov, Ivan"]
[Black "Frolkin, Nikita"]
[Result "1-0"]
[WhiteElo "1697"]
[BlackElo "1602"]
[PlyCount "147"]
[EventDate "2016.04.20"]

1. d4 Nf6 2. Bg5 Ne4 3. Bf4 d5 4. e3 c5 5. Nd2 Bf5 6. Ngf3 Qb6 7. Nxe4 Bxe4 8.
Bd3 Bxf3 9. Qxf3 e6 10. dxc5 Bxc5 11. O-O Nd7 12. Qg3 O-O 13. b3 Rfe8 14. Qh4
g6 15. Bh6 Be7 16. Qg3 Bf6 17. Rad1 Bg7 18. Bxg7 Kxg7 19. f4 Nc5 20. Rfe1 Rac8
21. Kh1 Nxd3 22. cxd3 Rc2 23. Ra1 Rec8 24. Qf3 Rd2 25. Red1 Rcc2 26. Rxd2 Rxd2
27. d4 Qb4 28. f5 Rxa2 29. f6+ Kg8 30. Rc1 Rc2 31. Qd1 Rxc1 32. Qxc1 h5 33. h3
Kh7 34. Qc7 Qf8 35. Qe7 Qg8 36. Qxb7 g5 37. Qxa7 Kg6 38. b4 Kxf6 39. b5 Qc8 40.
Qc5 Qxc5 41. dxc5 Ke7 42. Kg1 Kd7 43. Kf2 e5 44. g4 h4 45. Kf3 f6 46. Kf2 Kc7
47. Ke2 Kb7 48. Kd3 Kc7 49. c6 Kb6 50. Kc3 Kc7 51. Kb3 Kb6 52. Kb4 Kc7 53. Kc5
d4 54. Kc4 dxe3 55. Kd3 e2 56. Kxe2 Kd6 57. Ke3 Kc7 58. Kd3 Kd6 59. Ke4 Kc7 60.
Kd5 Kb6 61. Kd6 e4 62. c7 e3 63. c8=Q e2 64. Qe6 Kxb5 65. Qxe2+ Kb4 66. Qc2 Kb5
67. Kd5 Kb4 68. Qc5+ Kb3 69. Qc4+ Kb2 70. Kd4 f5 71. Qc3+ Kb1 72. Qd2 fxg4 73.
Kc3 gxh3 74. Qb2# 1-0

[Event "Russian Championship B15 1st league 2016"]
[Site "Loo"]
[Date "2016.04.28"]
[Round "9.35"]
[White "Petrov, Nikolay"]
[Black "Shilov, Victor"]
[Result "1/2-1/2"]
[WhiteElo "1788"]
[BlackElo "1485"]
[PlyCount "80"]
[EventDate "2016.04.20"]

1. d4 Nf6 2. Nf3 g6 3. c4 Bg7 4. g3 O-O 5. Bg2 d6 6. O-O Nbd7 7. Nc3 c6 8. Qc2
e5 9. dxe5 dxe5 10. Rd1 Qe7 11. Ng5 h6 12. Nge4 Nxe4 13. Nxe4 Nf6 14. Nd6 Be6
15. b3 Rfd8 16. Ba3 Qc7 17. c5 Ne8 18. Nxe8 Rxd1+ 19. Rxd1 Rxe8 20. Bb2 Rd8 21.
e4 Rxd1+ 22. Qxd1 Qd7 23. Qxd7 Bxd7 24. Kf1 Kf8 25. Ke2 Ke7 26. Kd3 Be6 27. f4
f6 28. fxe5 fxe5 29. Kc3 Kd7 30. a4 Kc7 31. Bf1 Bf6 32. Bc4 Bxc4 33. Kxc4 Bg7
34. b4 Bf6 35. b5 Kd7 36. Bc3 Bg7 37. Bb2 Bf6 38. Bc3 Bg7 39. Bb2 Bf6 40. Bc3
Bg7 1/2-1/2

[Event "Russian Championship B15 1st league 2016"]
[Site "Loo"]
[Date "2016.04.28"]
[Round "9.36"]
[White "Balashov, Egor"]
[Black "Chursin, Aleksandr"]
[Result "0-1"]
[WhiteElo "1596"]
[BlackElo "1798"]
[PlyCount "58"]
[EventDate "2016.04.20"]

1. d4 Nf6 2. Nf3 c5 3. d5 b5 4. Bg5 e6 5. Nc3 Qa5 6. Bxf6 gxf6 7. a3 f5 8. Qd2
Bg7 9. Rb1 Bb7 10. b4 cxb4 11. axb4 Qb6 12. h3 a5 13. e3 axb4 14. Nxb5 O-O 15.
dxe6 dxe6 16. Qxb4 Na6 17. Qh4 Qa5+ 18. Nd2 Be4 19. Bd3 Bxd3 20. cxd3 Rab8 21.
Qc4 Rfc8 22. Qb3 Rxb5 23. Qxb5 Qxb5 24. Rxb5 Rc1+ 25. Ke2 Rxh1 26. Nf1 Nc7 27.
Rb8+ Bf8 28. f3 Nd5 29. Rb1 Nc3+ 0-1

[Event "Russian Championship B15 1st league 2016"]
[Site "Loo"]
[Date "2016.04.28"]
[Round "9.37"]
[White "Shmelev, Mikhail"]
[Black "Arkhipenko, Denis"]
[Result "1/2-1/2"]
[WhiteElo "1589"]
[BlackElo "1757"]
[PlyCount "55"]
[EventDate "2016.04.20"]

1. e4 e6 2. d4 d5 3. Nd2 c5 4. exd5 exd5 5. Bb5+ Bd7 6. Bxd7+ Nxd7 7. Ngf3 Ngf6
8. O-O Be7 9. c3 O-O 10. dxc5 Nxc5 11. Nd4 Nd3 12. N2b3 Nxc1 13. Rxc1 Qd7 14.
Qf3 b5 15. Rfe1 Rfe8 16. Nf5 Bf8 17. Nbd4 a5 18. Qg3 b4 19. Rxe8 Rxe8 20. cxb4
axb4 21. h4 Rc8 22. Rxc8 Qxc8 23. Nh6+ Kh8 24. Nxf7+ Kg8 25. Nh6+ Kh8 26. Nf7+
Kg8 27. Nh6+ Kh8 28. Nf7+ 1/2-1/2

[Event "Russian Championship B15 1st league 2016"]
[Site "Loo"]
[Date "2016.04.28"]
[Round "9.38"]
[White "Fominov, Andrei"]
[Black "Anikiev, Yan"]
[Result "1/2-1/2"]
[WhiteElo "1730"]
[BlackElo "1628"]
[PlyCount "93"]
[EventDate "2016.04.20"]

1. d4 Nf6 2. c4 e6 3. Nf3 Bb4+ 4. Bd2 Qe7 5. Nc3 b6 6. g3 Bxc3 7. Bxc3 Ne4 8.
Qc2 Nxc3 9. Qxc3 Bb7 10. Bg2 d6 11. O-O Nd7 12. Rfd1 O-O 13. Nd2 Bxg2 14. Kxg2
a5 15. a4 e5 16. e3 f5 17. dxe5 Nxe5 18. Nb3 Nd7 19. Nd4 Nc5 20. Qc2 Qe4+ 21.
Kg1 Qxc2 22. Nxc2 g6 23. Nd4 Rae8 24. b3 g5 25. Nb5 Re7 26. Rab1 f4 27. exf4
gxf4 28. Re1 Rg7 29. Nd4 fxg3 30. fxg3 h5 31. Ne6 Nxe6 32. Rxe6 h4 33. Kg2 hxg3
34. hxg3 Rgf7 35. Rbe1 Rf2+ 36. Kh3 R2f3 37. R6e3 Rxe3 38. Rxe3 Rf2 39. Re7 Rf3
40. Rxc7 Rxb3 41. Rc6 Rb4 42. Rxd6 Rxc4 43. Rxb6 Rxa4 44. Ra6 Ra1 45. Kg4 a4
46. Kg5 a3 47. g4 1/2-1/2

[Event "Russian Championship B15 1st league 2016"]
[Site "Loo"]
[Date "2016.04.28"]
[Round "9.39"]
[White "Sadovnikov, Konstantin"]
[Black "Ananjev, Ilija"]
[Result "1-0"]
[WhiteElo "1695"]
[BlackElo "1624"]
[PlyCount "147"]
[EventDate "2016.04.20"]

1. e4 c5 2. Nc3 d6 3. f4 g6 4. Nf3 Bg7 5. d3 Nc6 6. g3 e6 7. Bg2 Nge7 8. O-O
O-O 9. Rb1 a6 10. h3 Rb8 11. Nh2 b5 12. g4 f5 13. Be3 Bb7 14. Qd2 Nd4 15. Ne2
Nxe2+ 16. Qxe2 Rc8 17. exf5 Bxg2 18. Kxg2 exf5 19. Bd2 Qd7 20. c3 Rce8 21. Rbe1
Nc6 22. Qf3 d5 23. g5 d4 24. Rxe8 Rxe8 25. Re1 Rd8 26. Rd1 Qd5 27. Kf2 Qxf3+
28. Nxf3 Kf7 29. Ke2 Re8+ 30. Kf2 Rd8 31. cxd4 Nxd4 32. Bc3 Nxf3 33. Kxf3 Bd4
34. Bxd4 Rxd4 35. b3 Ke7 36. Ke3 Kd6 37. h4 Kc6 38. h5 Rd6 39. hxg6 hxg6 40. a3
a5 41. Rh1 Re6+ 42. Kd2 Rd6 43. Rh8 c4 44. bxc4 bxc4 45. Rc8+ Kd5 46. Rxc4 Rb6
47. Kc3 Rb1 48. Ra4 Rc1+ 49. Kb3 Rb1+ 50. Kc2 Rb5 51. Kc3 Rc5+ 52. Rc4 Rb5 53.
Rd4+ Kc5 54. Rd8 Rb1 55. Ra8 Rf1 56. Rxa5+ Kb6 57. Ra4 Kb5 58. Rc4 Rc1+ 59. Kd2
Ra1 60. a4+ Ka5 61. Ke3 Re1+ 62. Kd4 Re6 63. Kd5 Re7 64. Rc6 Rg7 65. Ke5 Kxa4
66. Kf6 Rd7 67. Kxg6 Rxd3 68. Kxf5 Kb5 69. Re6 Kc5 70. g6 Kd5 71. Re8 Rg3 72.
Rd8+ Kc6 73. Kf6 Kc7 74. Rd5 1-0

[Event "Russian Championship B15 1st league 2016"]
[Site "Loo"]
[Date "2016.04.28"]
[Round "9.40"]
[White "Shilo, Kirill"]
[Black "Perov, German"]
[Result "0-1"]
[WhiteElo "1586"]
[BlackElo "1676"]
[PlyCount "92"]
[EventDate "2016.04.20"]

1. d4 d5 2. Nf3 c6 3. Bf4 e6 4. e3 f5 5. Be2 Nf6 6. O-O Be7 7. h3 O-O 8. c4 Bd7
9. Nbd2 Be8 10. Qb3 Qc8 11. Rac1 Bh5 12. Rfe1 Ne4 13. Nxe4 fxe4 14. Ne5 Bxe2
15. Rxe2 Nd7 16. c5 Nxe5 17. Bxe5 Qd7 18. Qc2 Rf5 19. b4 Raf8 20. b5 Bh4 21. g3
Bf6 22. bxc6 bxc6 23. Bd6 Be7 24. Bf4 Rh5 25. h4 g5 26. Be5 gxh4 27. Kg2 hxg3
28. fxg3 Rhf5 29. Rh1 Qe8 30. Bf4 Bg5 31. g4 Rxf4 32. exf4 Rxf4 33. Rf2 e5 34.
Qd1 e3 35. Rxf4 exf4 36. Qd3 Qe4+ 37. Qxe4 dxe4 38. d5 cxd5 39. c6 f3+ 40. Kf1
e2+ 41. Kf2 Bd8 42. Rb1 Kf7 43. Rb7+ Ke6 44. Rc7 Bh4+ 45. Ke3 e1=Q+ 46. Kd4
Bf2# 0-1

[Event "Russian Championship B15 1st league 2016"]
[Site "Loo"]
[Date "2016.04.28"]
[Round "9.41"]
[White "Greshtakyan, Ashot"]
[Black "Shirinkin, Pavel"]
[Result "0-1"]
[WhiteElo "1489"]
[BlackElo "1676"]
[PlyCount "66"]
[EventDate "2016.04.20"]

1. e4 c6 2. d4 d5 3. Nc3 dxe4 4. Nxe4 Nd7 5. Qe2 e6 6. Nf3 Ngf6 7. Bg5 Be7 8.
Bf4 Nxe4 9. Qxe4 Nf6 10. Qd3 Bd6 11. Be5 b6 12. O-O-O Bb7 13. Qc3 Nd5 14. Qe1
f6 15. Bg3 Qe7 16. Nh4 O-O-O 17. Qd2 g5 18. Nf3 c5 19. Bc4 cxd4 20. Nxd4 Nf4
21. Qc3 Kb8 22. Kb1 Be5 23. Bxf4 gxf4 24. Ba6 Bxd4 25. Rxd4 Rxd4 26. Bxb7 Rhd8
27. Bf3 e5 28. a3 Qe6 29. b3 e4 30. Be2 Qe5 31. Ba6 Rd1+ 32. Rxd1 Rxd1+ 33. Kb2
Rb1+ 0-1

[Event "Russian Championship B15 1st league 2016"]
[Site "Loo"]
[Date "2016.04.28"]
[Round "9.42"]
[White "Gorbunov, Semen"]
[Black "Klimashkin, Igor"]
[Result "1-0"]
[WhiteElo "1675"]
[BlackElo "1584"]
[PlyCount "93"]
[EventDate "2016.04.20"]

1. e4 e5 2. Nf3 Nc6 3. Nc3 Nf6 4. Bc4 Bc5 5. O-O d6 6. h3 a6 7. a3 Be6 8. Be2
h6 9. d3 Qd7 10. Be3 Ba7 11. Bxa7 Nxa7 12. d4 exd4 13. Nxd4 O-O 14. f4 Qe7 15.
Bd3 c5 16. Nxe6 Qxe6 17. Qf3 c4 18. Be2 b5 19. Qf2 Nc6 20. Bf3 Rac8 21. Rad1
Rfd8 22. Qb6 Nb8 23. e5 Ne8 24. Bg4 Nd7 25. Bxe6 Nxb6 26. Bxc8 Nxc8 27. exd6
Nexd6 28. Ne4 Kf8 29. Nxd6 Nxd6 30. Rfe1 a5 31. Rd5 g6 32. Red1 Ke7 33. Kf2 Ke6
34. Rxb5 c3 35. Re5+ Kf6 36. bxc3 g5 37. Red5 Ke7 38. fxg5 hxg5 39. Kf3 f5 40.
Rxa5 g4+ 41. hxg4 fxg4+ 42. Kxg4 Rc8 43. Ra7+ Ke6 44. Ra6 Rd8 45. Raxd6+ Rxd6
46. Rxd6+ Kxd6 47. Kf5 1-0

[Event "Russian Championship B15 1st league 2016"]
[Site "Loo"]
[Date "2016.04.28"]
[Round "9.43"]
[White "Stepanenko, Kirill"]
[Black "Kulakov, Ilya"]
[Result "0-1"]
[WhiteElo "1670"]
[BlackElo "1599"]
[PlyCount "132"]
[EventDate "2016.04.20"]

1. e4 e5 2. Nf3 Nc6 3. Nc3 Nf6 4. Bb5 Bc5 5. h3 O-O 6. d3 h6 7. O-O d6 8. Be3
Bb6 9. Bxb6 axb6 10. Bc4 Na5 11. Bb3 Nxb3 12. axb3 Bd7 13. d4 exd4 14. Nxd4 Bc6
15. Nxc6 bxc6 16. Qd3 Qc8 17. Na2 Qb7 18. Nb4 c5 19. Nd5 Nxd5 20. Qxd5 Qxd5 21.
exd5 Rfc8 22. Ra3 Rxa3 23. bxa3 c6 24. dxc6 Rxc6 25. a4 d5 26. Ra1 Kf8 27. a5
bxa5 28. Rxa5 Ke7 29. Ra7+ Ke6 30. Kf1 c4 31. Ra1 d4 32. b4 Rb6 33. Rb1 Kd5 34.
Ke2 Rg6 35. g3 Rb6 36. Kd2 Rf6 37. Rf1 Rf3 38. Ke2 Rf6 39. Rb1 Re6+ 40. Kd2 Rf6
41. f4 Re6 42. f5 c3+ 43. Kd1 Rb6 44. Ke2 Kc4 45. Ra1 g6 46. fxg6 fxg6 47. Ra7
Re6+ 48. Kf3 Kxb4 49. Rd7 Kc5 50. Rc7+ Rc6 51. Rd7 Rd6 52. Rc7+ Kb6 53. Rc4 d3
54. cxd3 Rxd3+ 55. Kf4 Kb5 56. Rc8 Kb4 57. h4 g5+ 58. hxg5 hxg5+ 59. Kg4 Kb3
60. Rb8+ Kc2 61. Rb5 Kd2 62. Rxg5 c2 63. Rc5 Rc3 64. Rd5+ Ke2 65. Re5+ Kf2 66.
Rh5 Rxg3+ 0-1